00383nam a2200133Ia 4500008004100000020001500041041001200056100001800068245009200086260003300178300000800211650001000219700002000229221030s9999 xx 000 0 und d a8126542277 aEnglish aG. B. Baecher 0aReliability & Statistics in Geotechnical Engineeringcby G. B. Baecher, J. T. Christian bWilley Pub.aNew Delhic2013 a605 aCivil aJ. T. Christian